| 000 | 00332nam a22001217a 4500 | ||
|---|---|---|---|
| 003 | OSt | ||
| 008 | 150420b xxu||||| |||| 00| 0 eng d | ||
| 041 | _aeng | ||
| 245 | 1 | 0 | _aPostal Stationery |
| 246 | 1 | 0 | _aA Collector's Guide to a Fascinating World-Wide Philatelic Pursuit |
| 260 | _bUnited Postal Stationery Society | ||
| 300 | _a0 pages | ||
| 999 |
_c1321 _d1321 |
||